Nationality - Statistics

General Stats
  • This quiz has been taken 39 times
  • The average score is 8 of 16
Answer Stats
Picture Answer % Correct
Austria
97%
India
89%
Greece
69%
Iran
69%
Iraq
69%
Russia
66%
France
63%
Poland
60%
South Africa
60%
Senegal
54%
Mexico
49%
Argentina
40%
Ethiopia
29%
Italy
17%
Chile
14%
Argentina
6%
No matching quizzes found
Score Distribution
Percent of People with Each Score
Percentile by Number Answered
Your Score History
You have not taken this quiz